000
00314 a2200133 4500
001
153532
040
_c
Escola São Tomás de Aquino
100
_a
ALBERGARIA , Lino de
240
1
0
_a
Caderno de segredos
_l
por
245
1
0
_a
Caderno de segredos
440
1
_a
Saraiva
697
_a
*LITERATURA JUVENIL
942
_c
BK
999
_c
153532
_d
153532